000 00218nam a2200097Ia 4500
008 190216s9999||||xx |||||||||||||| ||und||
100 _aVilanilam J V
245 0 _aRubber
260 _bPoorna Pubs Kozhikode
942 _cBK
999 _c39626
_d39626